LEADER 02999nam 2200637Ia 450 001 9910454536303321 005 20200520144314.0 010 $a1-282-49417-1 010 $a9786612494178 010 $a0-7391-3351-9 035 $a(CKB)1000000000721663 035 $a(EBL)467161 035 $a(OCoLC)311301437 035 $a(SSID)ssj0000145714 035 $a(PQKBManifestationID)12019089 035 $a(PQKBTitleCode)TC0000145714 035 $a(PQKBWorkID)10157699 035 $a(PQKB)10346022 035 $a(MiAaPQ)EBC467161 035 $a(Au-PeEL)EBL467161 035 $a(CaPaEBR)ebr10353720 035 $a(CaONFJC)MIL249417 035 $a(EXLCZ)991000000000721663 100 $a20080829d2009 uy 0 101 0 $aeng 135 $aur|n|---||||| 181 $ctxt 182 $cc 183 $acr 200 00$aEmbodying Asian/American sexualities$b[electronic resource] /$fedited by Gina Masequesmay and Sean Metzger 210 $aLanham, MD $cLexington Books$dc2009 215 $a1 online resource (197 p.) 300 $aIncludes index. 311 $a0-7391-2904-X 311 $a0-7391-2903-1 327 $aContents; Acknowledgments; Introduction: Embodying Asian/American Sexualities; Chapter 1. The Rice Room: Scenes from a Bar; Chapter 2. Pornography and Its Dis/Contents; Chapter 3. The One that She Wants: Margaret Cho, Mediatization, and Autobiographical Performance; Chapter 4. Novell-aah!: A Short Play; Chapter 5. And the Crow Cries Before He Dies; Chapter 6. Queer Theory and Anti-Racism Education; Chapter 7. The Anxiety over Borders; Chapter 8. An Interview with Pauline Park; Chapter 9. Public Agendas and Private Struggles 327 $aChapter 10. Family, Citizenship, and Selfhood in Luong Ung's First They Killed My FatherChapter 11. Homosexuality and Korean Immigrant Protestant Churches; Chapter 12. Finding Fellatio; Chapter 13. Ghosts; Index; About the Contributors 330 $aEmbodying Asian/American Sexualities is an accessible reader designed for use in undergraduate and graduate American studies, ethnic studies, gender and sexuality studies, and performance studies classes as well as for a general public interested in related issues. It contains both overviews of the field and scholarly interventions into a range of topics, including history, literature, performance, and sociology. 606 $aAsian Americans$xSexual behavior 606 $aAsian Americans$xAttitudes 606 $aAsian Americans$xRace identity 608 $aElectronic books. 615 0$aAsian Americans$xSexual behavior. 615 0$aAsian Americans$xAttitudes. 615 0$aAsian Americans$xRace identity. 676 $a305.30973 676 $a306.76089950 701 $aMase?quesmay$b Gina$0884646 701 $aMetzger$b Sean$f1973-$0884647 801 0$bMiAaPQ 801 1$bMiAaPQ 801 2$bMiAaPQ 906 $aBOOK 912 $a9910454536303321 996 $aEmbodying Asian$91975525 997 $aUNINA LEADER 00905nam0-2200337---450 001 990005654110403321 005 20241119125854.0 035 $a000565411 035 $aFED01000565411 035 $a(Aleph)000565411FED01 035 $a000565411 100 $a19990604d1978----km-y0itay50------ba 101 0 $aita 102 $aIT 105 $ayf------001yy 200 1 $aCarneade$fStefania Nonvel Pieri 210 $aPadova$cLiviana editrice$d1978 215 $a112 p., 1 tav.$d22 cm 225 1 $aTesti e saggi$v10 610 0 $aFilosofia antica 676 $a186.2 700 1$aNonvel Pieri,$bStefania$0217780 801 0$aIT$bUNINA$gREICAT$2UNIMARC 901 $aBK 912 $a990005654110403321 952 $a186.1 NONS 001$bIST.ST.FIL. 7448$fFLFBC 952 $aDDR-XXVI Ac 034$b1318 ddr$fDDR$m21-9393 959 $aFLFBC 959 $aDDR 996 $aCarneade$9605715 997 $aUNINA